[Event "Brno Trade op-A"]
[Site "Brno"]
[Date "2005.09.02"]
[Round "6"]
[White "Sevcik, Vladimir"]
[Black "Janko, Zoltan"]
[Result "0-1"]
[WhiteElo "2251"]
[BlackElo "2173"]
[PlyCount "140"]
[EventDate "2005.08.28"]
[EventType "swiss"]
[EventRounds "9"]
[EventCountry "CZE"]
[SourceTitle "CBM 108 Extra"]
[Source "ChessBase"]
[SourceDate "2005.11.04"]
[SourceVersion "1"]
[SourceVersionDate "2005.11.04"]
[SourceQuality "1"]

1. d4 Nf6 2. c4 g6 3. Nc3 d5 4. cxd5 Nxd5 5. e4 Nxc3 6. bxc3 Bg7 7. Bc4 c5 8. Ne2 0-0 9. 0-0 Nc6 10. Be3 Bg4 11. f3 cxd4 12. cxd4 Na5 13. Bd3 Be6 14. d5 Bxa1 15. Qxa1 f6 16. Qd4 Bf7 17. Bh6 Re8 18. Bb5 e5 19. Qf2 Re7 20. f4 Qd6 21. fxe5 fxe5 22. Be3 Rc8 23. Qh4 Nc4 24. Bg5 Rec7 25. Bxc4 Qc5+ 26. Kh1 Qxc4 27. Ng3 Qa6 28. Qh6 Rf8 29. h3 Rd7 30. Kh2 Qd6 31. Bf6 Bxd5 32. exd5 Rxf6 33. Ne4 Rxf1 34. Nxd6 Rxd6 35. Qe3 Rxd5 36. Qxa7 Rf7 37. Qe3 Rfd7 38. Kg1 Kg7 39. Kh2 Re7 40. Qc3 Rdd7 41. Kg1 Rc7 42. Qb4 e4 43. Qd4+ Kf7 44. Qf2+ Ke8 45. Qd4 e3 46. Qh8+ Kd7 47. Qd4+ Kc8 48. Qh8+ Kd7 49. Qd4+ Kc6 50. Qa4+ Kb6 51. Qd4+ Ka5 52. a3 b6 53. Qd5+ b5 54. a4 Kxa4 55. Qa2+ Kb4 56. Qb2+ Kc4 57. Qc2+ Kd5 58. Qb3+ Kc6 59. Kf1 e2+ 60. Ke1 Kb6 61. Qb2 Rcd7 62. Qf6+ Kb7 63. Qf3+ Kb8 64. Qg3+ Kc8 65. Qc3+ Rc7 66. Qh8+ Kb7 67. Qb2 Rc5 68. Qa3 Ree5 69. h4 Rcd5 70. Qf3 Kb6 0-1

[Event "Brno Trade op-A"]
[Site "Brno"]
[Date "2005.09.01"]
[Round "5"]
[White "Markovic, Ivan1"]
[Black "Sevcik, Vladimir"]
[Result "1-0"]
[WhiteElo "2216"]
[BlackElo "2251"]
[PlyCount "65"]
[EventDate "2005.08.28"]
[EventType "swiss"]
[EventRounds "9"]
[EventCountry "CZE"]
[SourceTitle "CBM 108 Extra"]
[Source "ChessBase"]
[SourceDate "2005.11.04"]
[SourceVersion "1"]
[SourceVersionDate "2005.11.04"]
[SourceQuality "1"]

1. e4 c5 2. Nf3 d6 3. d4 cxd4 4. Nxd4 Nf6 5. Nc3 a6 6. Bc4 e6 7. 0-0 b5 8. Bb3 Bb7 9. Bxe6 fxe6 10. Nxe6 Qc8 11. Nd5 Bxd5 12. exd5 Kf7 13. Re1 Nbd7 14. Bg5 Qc4 15. Nf4 Re8 16. Rxe8 Kxe8 17. Qe1+ Ne5 18. b3 Qe4 19. Qc3 Nfd7 20. Re1 Qf5 21. Qc8+ Kf7 22. Ne6 Rg8 23. f4 Be7 24. Qc7 Bxg5 25. fxe5 dxe5 26. Qxd7+ Kg6 27. Qd6 Bf6 28. Rf1 Qxc2 29. Nxg7 Rf8 30. Qxf8 Bxg7 31. Qf7+ Kh6 32. g4 Qg6 33. Qxg6+ 1-0

[Event "Brno Trade op-A"]
[Site "Brno"]
[Date "2005.08.28"]
[Round "1"]
[White "Pecha, Juraj"]
[Black "Sevcik, Vladimir"]
[Result "1/2-1/2"]
[WhiteElo "2022"]
[BlackElo "2251"]
[PlyCount "128"]
[EventDate "2005.08.28"]
[EventType "swiss"]
[EventRounds "9"]
[EventCountry "CZE"]
[SourceTitle "CBM 108 Extra"]
[Source "ChessBase"]
[SourceDate "2005.11.04"]
[SourceVersion "1"]
[SourceVersionDate "2005.11.04"]
[SourceQuality "1"]

1. d4 Nf6 2. c4 c5 3. d5 b5 4. cxb5 a6 5. e3 g6 6. Nc3 Bg7 7. Nf3 0-0 8. Bc4 e6 9. 0-0 axb5 10. Bxb5 exd5 11. Nxd5 Bb7 12. Bc4 Nc6 13. a3 Na5 14. Ba2 c4 15. Nxf6+ Qxf6 16. Nd4 Qg5 17. f3 Qc5 18. Kh1 Nc6 19. Nxc6 Bxc6 20. e4 c3 21. bxc3 Qxc3 22. Rb1 Ba4 23. Qd5 Bc2 24. Rb7 Bd3 25. Rd1 Be2 26. Bb2 Qxb2 27. Rxb2 Bxd1 28. Rd2 Ba4 29. e5 Rac8 30. h4 Rc1+ 31. Kh2 Bc6 32. Qd4 Re1 33. f4 Re4 34. Qf2 Ra8 35. Bd5 Bxd5 36. Rxd5 Bh6 37. g3 Rxa3 38. Rxd7 Ree3 39. Rd8+ Bf8 40. g4 Kg7 41. Rd5 Be7 42. g5 Bb4 43. e6 fxe6 44. Qb2+ e5 45. Qg2 Be1 46. Rd1 Bg3+ 47. Kg1 Rf3 48. Qb2 Bf2+ 49. Kg2 Rg3+ 50. Kf1 Bd4 51. Qb7+ Kf8 52. fxe5 Raf3+ 53. Qxf3+ Rxf3+ 54. Kg2 Rf4 55. Kh3 Ke7 56. Rb1 Bxe5 57. Rb7+ Ke6 58. Rxh7 Rf3+ 59. Kg2 Rg3+ 60. Kf2 Rh3 61. Kg2 Rh2+ 62. Kf3 Rh3+ 63. Kg2 Rg3+ 64. Kf2 Kf5 1/2-1/2